| 000 | 01602nam1a2200349 4500 | ||
|---|---|---|---|
| 001 | RU\NLR\BIBL_A\022545294 | ||
| 005 | 20260628200108.0 | ||
| 035 | _a(NLR Aleph) 022545294 | ||
| 090 |
_a13741488 _c13741488 |
||
| 100 | _a20250505g20259999km y0rusy50 ba | ||
| 101 | 0 | _afre | |
| 102 | _aRU | ||
| 105 | _a z | ||
| 181 | 0 |
_ai _baxxe |
|
| 182 | 0 | _an | |
| 200 | 1 |
_aAutour de Léon Tolstoï _dВокруг Л.Н. Толстого _eнаучно-практический проект по лингвокультурологии и педагогике _fнаучный руководитель проекта: Овчинникова Галина Витальевна - доктор филологических наук, профессор _zrus |
|
| 203 |
_aТекст _bвизуальный _cнепосредственный |
||
| 210 |
_aМосква _c[б.и.] _cПромпилотПРО _d2025 |
||
| 215 | _d29 | ||
| 300 | _aПредисл. на рус. яз. | ||
| 510 | 1 |
_aВокруг Л.Н. Толстого _zrus |
|
| 600 | 1 |
_aТолстой _bЛ.Н. _f1828 - 1910 _gЛев Николаевич _xПедагогические взгляды _91846738 _3RU\NLR\AUTH\66836477 |
|
| 686 | 1 | _aЧ33(2)51-272 | |
| 686 | 2 | _aШ5(2=Р)52-4Толстой3 | |
| 702 | 1 |
_aOvčinnikova _bG. V. _gGalina Vital'evna _4570 |
|
| 702 | 1 |
_4570 _7ba _8rus _aTolstoj _bL. N. _f1828-1910 _gLev Nikolaevič _9111538 _3RU\NLR\AUTH\771516 |
|
| 852 |
_aNLR _jИк 2025-8/104 |
||
| 942 | _cBOOK | ||
| 980 | _aNB | ||